000 00528nam a2200157Ia 4500
999 _c4368
_d4368
003 OSt
005 20200129111503.0
008 190216s9999||||xx |||||||||||||| ||und||
040 _coclc
082 _a658.4
_bJOH/E
100 _aJohnson, Rossall J
_91430
245 0 _aExecutive decisions; : human element factors, management functions, social responsibility /
_cRossall J Johnson
260 _bDb.Taraporevala Sons &co,
_c1963.
_aBombay:
300 _a412p
942 _cBK
_2ddc
_h658.4
_iJOH/E
_k658.4
_mJOH/E